[Event "Test Tournament"]
[Site "Emanuel Lasker Arena"]
[Date "2024.04.09"]
[Round "1"]
[White "Hollis"]
[Black "MikhailBerg"]
[Result "0-1"]
[WhiteElo "1881"]
[BlackElo "2094"]
[Annotator "RC"]
[PlyCount "48"]
[EventDate "2024.04.09"]
[EventType "swiss (blitz)"]

1. e4 {[%emt 0:00:01]} c5 {[%emt 0:00:01]} 2. Nf3 {[%emt 0:00:01]} d6 {[%emt 0:00:01]} 3. d4 {[%emt 0:00:02]} cxd4 {[%emt 0:00:01]} 4. Nxd4 {[%emt 0:00:01]} Nf6 {[%emt 0:00:01]} 5. Nc3 {[%emt 0:00:01]} a6 {[%emt 0:00:01]} 6. Be3 {[%emt 0:00:01]} e6 {[%emt 0:00:01]} 7. f3 {[%emt 0:00:02]} h5 {[%emt 0:00:01]} 8. a4 {[%emt 0:00:01]} Nc6 {[%emt 0:00:01]} 9. Bc4 {[%emt 0:00:01]} Qc7 {[%emt 0:00:01]} 10. O-O {[%emt 0:00:02]} Be7 {[%emt 0:00:04]} 11. Qe2 {[%emt 0:00:01]} h4 {[%emt 0:00:04]} 12. Kh1 {[%emt 0:00:02]} Bd7 {[%emt 0:00:03]} 13. h3 {[%emt 0:00:02]} Nb4 {[%emt 0:00:03]} 14. Bg5 {[%emt 0:00:04]} Nh5 {[%emt 0:00:03]} 15. Bxe7 {[%emt 0:00:01]} Ng3+ {[%emt 0:00:01]} 16. Kg1 {[%emt 0:00:01]} Nxe2+ {[%emt 0:00:01]} 17. Bxe2 {[%emt 0:00:01]} Kxe7 {[%emt 0:00:01]} 18. f4 {[%emt 0:00:03]} Qc5 {[%emt 0:00:03]} 19. Rad1 {[%emt 0:00:03]} g5 {[%emt 0:00:02]} 20. Rf2 {[%emt 0:00:03]} gxf4 {[%emt 0:00:02]} 21. Rxf4 {[%emt 0:00:01]} Nxc2 {[%emt 0:00:01]} 22. e5 {[%emt 0:00:02]} dxe5 {[%emt 0:00:01]} 23. Ne4 {[%emt 0:00:01]} Qb6 {[%emt 0:00:02]} 24. a5 {[%emt 0:00:01]} Qxb2 {[%emt 0:00:01] Hollis resigns (Lag: Av=0.08s, max=0.6s)} 0-1

[Event "Test Tournament"]
[Site "Emanuel Lasker Arena"]
[Date "2024.04.09"]
[Round "1"]
[White "Sunset"]
[Black "Irina"]
[Result "0-1"]
[WhiteElo "1878"]
[BlackElo "2113"]
[PlyCount "92"]
[EventDate "2024.04.09"]
[EventType "swiss (blitz)"]

1. c4 {[%emt 0:00:01]} c5 {[%emt 0:00:01]} 2. g3 {[%emt 0:00:01]} g6 {[%emt 0:00:01]} 3. Bg2 {[%emt 0:00:01]} Bg7 {[%emt 0:00:02]} 4. Nc3 {[%emt 0:00:01]} Nc6 {[%emt 0:00:01]} 5. a3 {[%emt 0:00:01]} a6 {[%emt 0:00:01]} 6. Rb1 {[%emt 0:00:01]} Rb8 {[%emt 0:00:01]} 7. b4 {[%emt 0:00:01]} cxb4 {[%emt 0:00:01]} 8. axb4 {[%emt 0:00:01]} b5 {[%emt 0:00:01]} 9. cxb5 {[%emt 0:00:01]} axb5 {[%emt 0:00:02]} 10. Qb3 {[%emt 0:00:04]} e6 {[%emt 0:00:01]} 11. Bb2 {[%emt 0:00:01]} Nd4 {[%emt 0:00:02]} 12. Qd1 {[%emt 0:00:04]} Bb7 {[%emt 0:00:03]} 13. Bxb7 {[%emt 0:00:01]} Rxb7 {[%emt 0:00:01]} 14. Ne4 {[%emt 0:00:04]} d5 {[%emt 0:00:03]} 15. Nc5 {[%emt 0:00:06]} Ra7 {[%emt 0:00:03]} 16. Ra1 {[%emt 0:00:03]} Ra8 {[%emt 0:00:03]} 17. e3 {[%emt 0:00:03]} Rxa1 {[%emt 0:00:03]} 18. Bxa1 {[%emt 0:00:01]} e5 {[%emt 0:00:03]} 19. exd4 {[%emt 0:00:01]} e4 {[%emt 0:00:01]} 20. Qg4 {[%emt 0:00:02]} Kf8 {[%emt 0:00:02]} 21. Bc3 {[%emt 0:00:02]} Qc7 {[%emt 0:00:03]} 22. Qe6 {[%emt 0:00:02]} Qxc5 {[%emt 0:00:01]} 23. Qxe4 {[%emt 0:00:02]} Qxc3 {[%emt 0:00:01]} 24. Qxd5 {[%emt 0:00:01]} Qxd4 {[%emt 0:00:01]} 25. Qa8+ {[%emt 0:00:02]} Ke7 {[%emt 0:00:01]} 26. Nf3 {[%emt 0:00:01]} Qa1+ {[%emt 0:00:01]} 27. Qxa1 {[%emt 0:00:01]} Bxa1 {[%emt 0:00:01]} 28. O-O {[%emt 0:00:01]} Bf6 {[%emt 0:00:01]} 29. Re1+ {[%emt 0:00:01]} Kf8 {[%emt 0:00:01]} 30. Kf1 {[%emt 0:00:01]} h5 {[%emt 0:00:01]} 31. h4 {[%emt 0:00:01]} Kg7 {[%emt 0:00:01]} 32. d4 {[%emt 0:00:01]} Nh6 {[%emt 0:00:01]} 33. Ne5 {[%emt 0:00:01]} Ng4 {[%emt 0:00:01]} 34. Nc6 {[%emt 0:00:01]} Ra8 {[%emt 0:00:01]} 35. d5 {[%emt 0:00:01]} Ra1 {[%emt 0:00:01]} 36. d6 {[%emt 0:00:01]} Rxe1+ {[%emt 0:00:01]} 37. Kxe1 {[%emt 0:00:00]} Bb2 {[%emt 0:00:01]} 38. d7 {[%emt 0:00:01]} Be5 {[%emt 0:00:00]} 39. d8=Q {[%emt 0:00:00]} Nxf2 {[%emt 0:00:01]} 40. Nxe5 {[%emt 0:00:01]} Ne4 {[%emt 0:00:00]} 41. Qd5 {[%emt 0:00:01]} Kh8 {[%emt 0:00:01]} 42. Qxe4 {[%emt 0:00:01]} Kg8 {[%emt 0:00:00]} 43. Qd5 {[%emt 0:00:01]} g5 {[%emt 0:00:00]} 44. Qxf7+ {[%emt 0:00:00]} Kh8 {[%emt 0:00:00]} 45. hxg5 {[%emt 0:00:00]} h4 {[%emt 0:00:00]} 46. Kf1 {[%emt 0:00:01] .} h3 {[%emt 0:00:01]} 0-1

[Event "Test Tournament"]
[Site "Emanuel Lasker Arena"]
[Date "2024.04.09"]
[Round "1"]
[White "LiliBeth"]
[Black "Chartwell"]
[Result "0-1"]
[WhiteElo "1855"]
[BlackElo "2150"]
[Annotator "RC"]
[PlyCount "70"]
[EventDate "2024.04.09"]
[EventType "swiss (blitz)"]

1. d4 {[%emt 0:00:01]} Nf6 {[%emt 0:00:01]} 2. c4 {[%emt 0:00:01]} e6 {[%emt 0:00:01]} 3. Nc3 {[%emt 0:00:01]} Bb4 {[%emt 0:00:01]} 4. e3 {[%emt 0:00:01]} O-O {[%emt 0:00:01]} 5. Bd3 {[%emt 0:00:01]} d5 {[%emt 0:00:01]} 6. cxd5 {[%emt 0:00:01]} exd5 {[%emt 0:00:01]} 7. Bd2 {[%emt 0:00:01]} c6 {[%emt 0:00:01]} 8. a3 {[%emt 0:00:01]} Bd6 {[%emt 0:00:01]} 9. Qb3 {[%emt 0:00:02]} Re8 {[%emt 0:00:05]} 10. Nf3 {[%emt 0:00:02]} Ne4 {[%emt 0:00:02]} 11. O-O {[%emt 0:00:04]} Qb6 {[%emt 0:00:04]} 12. Bc2 {[%emt 0:00:08]} f5 {[%emt 0:00:03]} 13. h3 {[%emt 0:00:03]} Na6 {[%emt 0:00:03]} 14. Rfe1 {[%emt 0:00:03]} g6 {[%emt 0:00:04]} 15. Re2 {[%emt 0:00:03]} Re7 {[%emt 0:00:02]} 16. Qa2 {[%emt 0:00:02]} Be6 {[%emt 0:00:03]} 17. b4 {[%emt 0:00:02]} Rf8 {[%emt 0:00:02]} 18. Ne5 {[%emt 0:00:03]} Rg7 {[%emt 0:00:02]} 19. Qb2 {[%emt 0:00:02]} Kh8 {[%emt 0:00:02]} 20. b5 {[%emt 0:00:02]} cxb5 {[%emt 0:00:02]} 21. Nxb5 {[%emt 0:00:01]} Rc7 {[%emt 0:00:02]} 22. h4 {[%emt 0:00:02]} Rxc2 {[%emt 0:00:01]} 23. Qxc2 {[%emt 0:00:01]} Qxb5 {[%emt 0:00:01]} 24. Bb4 {[%emt 0:00:02]} Rc8 {[%emt 0:00:01]} 25. Nf7+ {[%emt 0:00:02]} Kg8 {[%emt 0:00:01]} 26. Nxd6 {[%emt 0:00:01]} Rxc2 {[%emt 0:00:00]} 27. Rxc2 {[%emt 0:00:00]} Qd3 {[%emt 0:00:02]} 28. Rcc1 {[%emt 0:00:01]} f4 {[%emt 0:00:01]} 29. Nxe4 {[%emt 0:00:00]} dxe4 {[%emt 0:00:00]} 30. d5 {[%emt 0:00:01]} Qxd5 {[%emt 0:00:01]} 31. exf4 {[%emt 0:00:00]} h5 {[%emt 0:00:01]} 32. Rab1 {[%emt 0:00:01]} Qd3 {[%emt 0:00:01]} 33. Be7 {[%emt 0:00:02]} b5 {[%emt 0:00:01]} 34. Rd1 {[%emt 0:00:02]} Qc2 {[%emt 0:00:01]} 35. f5 {[%emt 0:00:01]} Bxf5 {[%emt 0:00:01] Time (Lag: Av=0.07s, max=0.5s) .} 0-1

[Event "Test Tournament"]
[Site "Emanuel Lasker Arena"]
[Date "2024.04.09"]
[Round "1"]
[White "LiliBeth"]
[Black "Girlfriend Chess"]
[Result "1-0"]
[WhiteElo "1855"]
[BlackElo "1753"]
[Annotator "NA RC"]
[PlyCount "66"]
[EventDate "2024.04.09"]
[EventType "swiss (blitz)"]

1. d4 {[%emt 0:00:01]} d5 {[%emt 0:00:01]} 2. c4 {[%emt 0:00:01]} e6 {[%emt 0:00:01]} 3. Nc3 {[%emt 0:00:01]} c5 {[%emt 0:00:01]} 4. cxd5 {[%emt 0:00:01]} exd5 {[%emt 0:00:01]} 5. Nf3 {[%emt 0:00:02]} Nc6 {[%emt 0:00:01]} 6. Bg5 {[%emt 0:00:01]} Be7 {[%emt 0:00:01]} 7. Bxe7 {[%emt 0:00:01]} Ngxe7 {[%emt 0:00:01]} 8. e3 {[%emt 0:00:01]} cxd4 {[%emt 0:00:01]} 9. Nxd4 {[%emt 0:00:01]} Nxd4 {[%emt 0:00:01]} 10. Qxd4 {[%emt 0:00:02]} O-O {[%emt 0:00:04]} 11. Be2 {[%emt 0:00:02]} Qd6 {[%emt 0:00:01]} 12. O-O {[%emt 0:00:04]} Nc6 {[%emt 0:00:04]} 13. Qxd5 {[%emt 0:00:01]} Qh6 {[%emt 0:00:04]} 14. h3 {[%emt 0:00:03]} Nb4 {[%emt 0:00:03]} 15. f3 {[%emt 0:00:07]} Qxe3+ {[%emt 0:00:01]} 16. Rf2 {[%emt 0:00:01]} Nxd5 {[%emt 0:00:01]} 17. Nxd5 {[%emt 0:00:01]} Qd2 {[%emt 0:00:03]} 18. Ba6 {[%emt 0:00:05]} Qxd5 {[%emt 0:00:01]} 19. Bf1 {[%emt 0:00:02]} Bf5 {[%emt 0:00:02]} 20. Kh2 {[%emt 0:00:02]} b5 {[%emt 0:00:02]} 21. a4 {[%emt 0:00:02]} Qd4 {[%emt 0:00:02]} 22. Kg1 {[%emt 0:00:02]} h5 {[%emt 0:00:01]} 23. axb5 {[%emt 0:00:01]} a5 {[%emt 0:00:02]} 24. bxa6 {[%emt 0:00:01]} g5 {[%emt 0:00:02]} 25. a7 {[%emt 0:00:02]} Rxa7 {[%emt 0:00:02]} 26. Rxa7 {[%emt 0:00:01]} Qxa7 {[%emt 0:00:01]} 27. g4 {[%emt 0:00:02]} Qd4 {[%emt 0:00:01]} 28. gxf5 {[%emt 0:00:00]} Re8 {[%emt 0:00:01]} 29. f4 {[%emt 0:00:01]} gxf4 {[%emt 0:00:01]} 30. Kh2 {[%emt 0:00:01]} Qxf2+ {[%emt 0:00:01]} 31. Kh1 {[%emt 0:00:01]} Qxf1+ {[%emt 0:00:01]} 32. Kh2 {[%emt 0:00:01]} Re3 {[%emt 0:00:01]} 33. b4 {[%emt 0:00:01]} Rxh3# {[%emt 0:00:01] (Lag: Av=0.15s, max=1.1s)} 1-0

[Event "Test Tournament"]
[Site "Emanuel Lasker Arena"]
[Date "2024.04.09"]
[Round "1"]
[White "LiliBeth"]
[Black "ArrowPlay"]
[Result "0-1"]
[WhiteElo "1853"]
[BlackElo "2027"]
[Annotator "RC"]
[PlyCount "40"]
[EventDate "2024.04.09"]
[EventType "swiss (blitz)"]

1. d4 {[%emt 0:00:01]} Nf6 {[%emt 0:00:01]} 2. c4 {[%emt 0:00:01]} g6 {[%emt 0:00:01]} 3. Nc3 {[%emt 0:00:01]} Bg7 {[%emt 0:00:01]} 4. e4 {[%emt 0:00:00]} d6 {[%emt 0:00:01]} 5. Nf3 {[%emt 0:00:01]} O-O {[%emt 0:00:01]} 6. Be2 {[%emt 0:00:01]} e5 {[%emt 0:00:01]} 7. O-O {[%emt 0:00:01]} Nbd7 {[%emt 0:00:01]} 8. Bg5 {[%emt 0:00:01]} h6 {[%emt 0:00:01]} 9. c5 {[%emt 0:00:10]} hxg5 {[%emt 0:00:01]} 10. cxd6 {[%emt 0:00:01]} exd4 {[%emt 0:00:01]} 11. Qxd4 {[%emt 0:00:01]} g4 {[%emt 0:00:04]} 12. a4 {[%emt 0:00:11]} gxf3 {[%emt 0:00:01]} 13. Bxf3 {[%emt 0:00:01]} cxd6 {[%emt 0:00:00]} 14. Qxd6 {[%emt 0:00:01]} Qb6 {[%emt 0:00:04]} 15. Qe7 {[%emt 0:00:03]} Qxb2 {[%emt 0:00:04]} 16. Nb5 {[%emt 0:00:03]} Ne5 {[%emt 0:00:04]} 17. Nc7 {[%emt 0:00:03]} Bh3 {[%emt 0:00:03]} 18. Ra3 {[%emt 0:00:02]} Rae8 {[%emt 0:00:02]} 19. Rb1 {[%emt 0:00:07]} Qxb1+ {[%emt 0:00:02]} 20. Bd1 {[%emt 0:00:01]} Qxd1# {[%emt 0:00:01] (Lag: Av=0.05s, max=0.2s)} 0-1

[Event "Test Tournament"]
[Site "Emanuel Lasker Arena"]
[Date "2024.04.09"]
[Round "1"]
[White "Botwinzig"]
[Black "Toby Ziegler"]
[Result "0-1"]
[WhiteElo "1810"]
[BlackElo "2064"]
[Annotator "NA RC"]
[PlyCount "82"]
[EventDate "2024.04.09"]
[EventType "swiss (blitz)"]

1. d4 {[%emt 0:00:01]} Nf6 {[%emt 0:00:01]} 2. c4 {[%emt 0:00:02]} e6 {[%emt 0:00:01]} 3. Nc3 {[%emt 0:00:01]} Bb4 {[%emt 0:00:01]} 4. e3 {[%emt 0:00:01]} O-O {[%emt 0:00:01]} 5. Bd3 {[%emt 0:00:02]} d5 {[%emt 0:00:01]} 6. Nf3 {[%emt 0:00:01]} c5 {[%emt 0:00:01]} 7. O-O {[%emt 0:00:02]} Nc6 {[%emt 0:00:01]} 8. a3 {[%emt 0:00:01]} Bxc3 {[%emt 0:00:01]} 9. bxc3 {[%emt 0:00:01]} Qc7 {[%emt 0:00:01]} 10. cxd5 {[%emt 0:00:01]} exd5 {[%emt 0:00:01]} 11. a4 {[%emt 0:00:01]} c4 {[%emt 0:00:01]} 12. e4 {[%emt 0:00:11]} cxd3 {[%emt 0:00:01]} 13. Ba3 {[%emt 0:00:03]} dxe4 {[%emt 0:00:01]} 14. Bxf8 {[%emt 0:00:01]} Kxf8 {[%emt 0:00:01]} 15. Nd2 {[%emt 0:00:03]} Bg4 {[%emt 0:00:04]} 16. Qb3 {[%emt 0:00:03]} Kg8 {[%emt 0:00:06]} 17. f3 {[%emt 0:00:02]} e3 {[%emt 0:00:04]} 18. fxg4 {[%emt 0:00:01]} exd2 {[%emt 0:00:01]} 19. Qb5 {[%emt 0:00:02]} Nxg4 {[%emt 0:00:04]} 20. g3 {[%emt 0:00:02]} Ne3 {[%emt 0:00:03]} 21. Qxd3 {[%emt 0:00:01]} Nxf1 {[%emt 0:00:01]} 22. Rxf1 {[%emt 0:00:01]} Re8 {[%emt 0:00:02]} 23. Qxd2 {[%emt 0:00:01]} Qd6 {[%emt 0:00:02]} 24. Qc2 {[%emt 0:00:02]} Qd5 {[%emt 0:00:02]} 25. h4 {[%emt 0:00:01]} h5 {[%emt 0:00:02]} 26. Kh2 {[%emt 0:00:01]} Re3 {[%emt 0:00:02]} 27. Qf5 {[%emt 0:00:01]} Re2+ {[%emt 0:00:01]} 28. Rf2 {[%emt 0:00:01]} Qxf5 {[%emt 0:00:01]} 29. Rxe2 {[%emt 0:00:00]} Nxd4 {[%emt 0:00:01]} 30. cxd4 {[%emt 0:00:01]} Qd5 {[%emt 0:00:01]} 31. g4 {[%emt 0:00:03]} Kf8 {[%emt 0:00:01]} 32. gxh5 {[%emt 0:00:01]} Qxd4 {[%emt 0:00:01]} 33. Kg3 {[%emt 0:00:01]} Qxa4 {[%emt 0:00:01]} 34. h6 {[%emt 0:00:01]} Qb3+ {[%emt 0:00:01]} 35. Kg2 {[%emt 0:00:01]} Qd5+ {[%emt 0:00:01]} 36. Kg1 {[%emt 0:00:01]} Qd4+ {[%emt 0:00:01]} 37. Rf2 {[%emt 0:00:01]} Qd1+ {[%emt 0:00:01]} 38. Kh2 {[%emt 0:00:01]} gxh6 {[%emt 0:00:01]} 39. Rf6 {[%emt 0:00:01]} Qe2+ {[%emt 0:00:01]} 40. Kh3 {[%emt 0:00:01]} Qe3+ {[%emt 0:00:00]} 41. Kg2 {[%emt 0:00:00] .} Qe4+ {[%emt 0:00:00]} 0-1

[Event "Test Tournament"]
[Site "Emanuel Lasker Arena"]
[Date "2024.04.09"]
[Round "1"]
[White "Botwinzig"]
[Black "Stachelrochade"]
[Result "1-0"]
[WhiteElo "1810"]
[BlackElo "1620"]
[Annotator "NA RC"]
[PlyCount "95"]
[EventDate "2024.04.09"]
[EventType "swiss (blitz)"]

1. d4 {[%emt 0:00:01]} d5 {[%emt 0:00:01]} 2. c4 {[%emt 0:00:01]} dxc4 {[%emt 0:00:01]} 3. Nf3 {[%emt 0:00:01]} Nf6 {[%emt 0:00:01]} 4. e3 {[%emt 0:00:01]} e6 {[%emt 0:00:01]} 5. Bxc4 {[%emt 0:00:01]} c5 {[%emt 0:00:01]} 6. O-O {[%emt 0:00:01]} a6 {[%emt 0:00:01]} 7. dxc5 {[%emt 0:00:02]} Qxd1 {[%emt 0:00:01]} 8. Rxd1 {[%emt 0:00:00]} Bxc5 {[%emt 0:00:01]} 9. Nbd2 {[%emt 0:00:01]} O-O {[%emt 0:00:01]} 10. b3 {[%emt 0:00:04]} Nc6 {[%emt 0:00:01]} 11. Bb2 {[%emt 0:00:03]} b6 {[%emt 0:00:01]} 12. h3 {[%emt 0:00:02]} Bb7 {[%emt 0:00:01]} 13. Ne5 {[%emt 0:00:03]} Nxe5 {[%emt 0:00:04]} 14. Bxe5 {[%emt 0:00:01]} b5 {[%emt 0:00:07]} 15. a4 {[%emt 0:00:03]} bxc4 {[%emt 0:00:01]} 16. Nxc4 {[%emt 0:00:01]} Rfd8 {[%emt 0:00:04]} 17. Kh2 {[%emt 0:00:03]} Rd7 {[%emt 0:00:07]} 18. Rac1 {[%emt 0:00:03]} Rd5 {[%emt 0:00:03]} 19. Kg1 {[%emt 0:00:03]} Rxd1+ {[%emt 0:00:03]} 20. Rxd1 {[%emt 0:00:00]} Bd5 {[%emt 0:00:02]} 21. g4 {[%emt 0:00:02]} Ne4 {[%emt 0:00:02]} 22. Bc7 {[%emt 0:00:03]} Nc3 {[%emt 0:00:02]} 23. Rd3 {[%emt 0:00:02]} Rc8 {[%emt 0:00:02]} 24. Rxc3 {[%emt 0:00:01]} Rxc7 {[%emt 0:00:01]} 25. Ne5 {[%emt 0:00:01]} Bb6 {[%emt 0:00:02]} 26. Nc4 {[%emt 0:00:02]} Bxc4 {[%emt 0:00:00]} 27. bxc4 {[%emt 0:00:01]} Kf8 {[%emt 0:00:01]} 28. Rb3 {[%emt 0:00:01]} Rc6 {[%emt 0:00:01]} 29. g5 {[%emt 0:00:01]} Bc7 {[%emt 0:00:01]} 30. Rb8+ {[%emt 0:00:01]} Bxb8 {[%emt 0:00:01]} 31. Kg2 {[%emt 0:00:01]} Rxc4 {[%emt 0:00:00]} 32. g6 {[%emt 0:00:01]} hxg6 {[%emt 0:00:01]} 33. h4 {[%emt 0:00:01]} Rxa4 {[%emt 0:00:01]} 34. Kg1 {[%emt 0:00:01]} Rg4+ {[%emt 0:00:01]} 35. Kf1 {[%emt 0:00:01]} a5 {[%emt 0:00:00]} 36. f3 {[%emt 0:00:01]} Rxh4 {[%emt 0:00:01]} 37. Kg2 {[%emt 0:00:01]} a4 {[%emt 0:00:01]} 38. f4 {[%emt 0:00:00]} Rg4+ {[%emt 0:00:00]} 39. Kf3 {[%emt 0:00:00]} Rg1 {[%emt 0:00:01]} 40. Kf2 {[%emt 0:00:00]} Rd1 {[%emt 0:00:01]} 41. Kg2 {[%emt 0:00:01]} Rd2+ {[%emt 0:00:01]} 42. Kg3 {[%emt 0:00:00]} Bd6 {[%emt 0:00:01]} 43. e4 {[%emt 0:00:00]} e5 {[%emt 0:00:01]} 44. fxe5 {[%emt 0:00:00]} Bxe5+ {[%emt 0:00:00]} 45. Kf3 {[%emt 0:00:00]} Rd3+ {[%emt 0:00:01]} 46. Kg2 {[%emt 0:00:01]} Rd2+ {[%emt 0:00:01]} 47. Kh3 {[%emt 0:00:00]} a3 {[%emt 0:00:00] '} 48. Kh4 {[%emt 0:00:00] (Lag: Av=0.07s, max=0.8s)} 1-0

[Event "Test Tournament"]
[Site "Emanuel Lasker Arena"]
[Date "2024.04.09"]
[Round "1"]
[White "Mrs Florrick"]
[Black "Jed Bartlet"]
[Result "0-1"]
[WhiteElo "1780"]
[BlackElo "2159"]
[Annotator "RC"]
[PlyCount "80"]
[EventDate "2024.04.09"]
[EventType "swiss (blitz)"]

1. d4 {[%emt 0:00:01]} Nf6 {[%emt 0:00:01]} 2. c4 {[%emt 0:00:01]} e6 {[%emt 0:00:01]} 3. Nc3 {[%emt 0:00:01]} Bb4 {[%emt 0:00:01]} 4. e3 {[%emt 0:00:01]} O-O {[%emt 0:00:01]} 5. Bd3 {[%emt 0:00:01]} d5 {[%emt 0:00:01]} 6. Qe2 {[%emt 0:00:01]} c5 {[%emt 0:00:01]} 7. a3 {[%emt 0:00:04]} e5 {[%emt 0:00:03]} 8. axb4 {[%emt 0:00:01]} dxc4 {[%emt 0:00:01]} 9. Bxc4 {[%emt 0:00:01]} cxd4 {[%emt 0:00:01]} 10. exd4 {[%emt 0:00:01]} exd4 {[%emt 0:00:01]} 11. Ne4 {[%emt 0:00:04]} Re8 {[%emt 0:00:05]} 12. f3 {[%emt 0:00:01]} Nd5 {[%emt 0:00:07]} 13. Bg5 {[%emt 0:00:04]} Qd7 {[%emt 0:00:01]} 14. Nh3 {[%emt 0:00:04]} h6 {[%emt 0:00:03]} 15. Bf4 {[%emt 0:00:03]} Nc6 {[%emt 0:00:03]} 16. O-O {[%emt 0:00:04]} Ncxb4 {[%emt 0:00:01]} 17. Rfd1 {[%emt 0:00:03]} Qc6 {[%emt 0:00:03]} 18. g4 {[%emt 0:00:03]} Ne3 {[%emt 0:00:03]} 19. Bxe3 {[%emt 0:00:01]} dxe3 {[%emt 0:00:01]} 20. Nf4 {[%emt 0:00:02]} Bxg4 {[%emt 0:00:02]} 21. Bb5 {[%emt 0:00:02]} Bxf3 {[%emt 0:00:02]} 22. Qxf3 {[%emt 0:00:00]} Qxb5 {[%emt 0:00:01]} 23. Nd6 {[%emt 0:00:02]} Qg5+ {[%emt 0:00:02]} 24. Kh1 {[%emt 0:00:01]} Re7 {[%emt 0:00:02]} 25. Ra4 {[%emt 0:00:02]} a5 {[%emt 0:00:02]} 26. Nxb7 {[%emt 0:00:01]} Nc2 {[%emt 0:00:02]} 27. Nd8 {[%emt 0:00:02]} Rb8 {[%emt 0:00:02]} 28. Nc6 {[%emt 0:00:01]} Rxb2 {[%emt 0:00:02]} 29. Nxe7+ {[%emt 0:00:00]} Qxe7 {[%emt 0:00:00]} 30. Rxa5 {[%emt 0:00:02]} e2 {[%emt 0:00:01]} 31. Qxe2 {[%emt 0:00:01]} Qh4 {[%emt 0:00:01]} 32. Qe8+ {[%emt 0:00:02]} Kh7 {[%emt 0:00:01]} 33. Qxf7 {[%emt 0:00:00]} Qg4 {[%emt 0:00:01]} 34. Rad5 {[%emt 0:00:01]} Ne3 {[%emt 0:00:00]} 35. Rd7 {[%emt 0:00:01]} Qxd1+ {[%emt 0:00:00]} 36. Rxd1 {[%emt 0:00:00]} Nxd1 {[%emt 0:00:01]} 37. Nd3 {[%emt 0:00:01]} Rb5 {[%emt 0:00:00]} 38. Qe8 {[%emt 0:00:01]} Rh5 {[%emt 0:00:00]} 39. Qxh5 {[%emt 0:00:00]} Nf2+ {[%emt 0:00:00]} 40. Nxf2 {[%emt 0:00:00] .} g6 {[%emt 0:00:00]} 0-1

[Event "Test Tournament"]
[Site "Emanuel Lasker Arena"]
[Date "2024.04.09"]
[Round "1"]
[White "Mrs Florrick"]
[Black "Karpovs Shadow"]
[Result "0-1"]
[WhiteElo "1780"]
[BlackElo "1620"]
[Annotator "NA RC"]
[PlyCount "46"]
[EventDate "2024.04.09"]
[EventType "swiss (blitz)"]

1. d4 {[%emt 0:00:01]} d5 {[%emt 0:00:01]} 2. c4 {[%emt 0:00:01]} c6 {[%emt 0:00:01]} 3. Nc3 {[%emt 0:00:02]} e6 {[%emt 0:00:01]} 4. Nf3 {[%emt 0:00:02]} Nf6 {[%emt 0:00:01]} 5. e3 {[%emt 0:00:01]} Nbd7 {[%emt 0:00:01]} 6. Qc2 {[%emt 0:00:01]} Bd6 {[%emt 0:00:01]} 7. Bd3 {[%emt 0:00:01]} O-O {[%emt 0:00:01]} 8. O-O {[%emt 0:00:02]} e5 {[%emt 0:00:01]} 9. cxd5 {[%emt 0:00:00]} cxd5 {[%emt 0:00:00]} 10. e4 {[%emt 0:00:01]} exd4 {[%emt 0:00:01]} 11. Nxd4 {[%emt 0:00:01]} Be5 {[%emt 0:00:01]} 12. Bg5 {[%emt 0:00:10]} Bxd4 {[%emt 0:00:01]} 13. Nxd5 {[%emt 0:00:01]} Ne5 {[%emt 0:00:04]} 14. Be2 {[%emt 0:00:01]} Be6 {[%emt 0:00:04]} 15. Rad1 {[%emt 0:00:03]} Rc8 {[%emt 0:00:05]} 16. Qa4 {[%emt 0:00:03]} Bxd5 {[%emt 0:00:01]} 17. Qxd4 {[%emt 0:00:01]} Nc6 {[%emt 0:00:01]} 18. e5 {[%emt 0:00:14]} Nxd4 {[%emt 0:00:01]} 19. Rxd4 {[%emt 0:00:01]} Qb6 {[%emt 0:00:03]} 20. Be3 {[%emt 0:00:02]} Qxb2 {[%emt 0:00:01]} 21. exf6 {[%emt 0:00:01]} Qxe2 {[%emt 0:00:01]} 22. Rxd5 {[%emt 0:00:01]} Rfd8 {[%emt 0:00:02]} 23. Re1 {[%emt 0:00:07]} Qxe1# {[%emt 0:00:02] (Lag: Av=0.05s, max=0.2s)} 0-1

[Event "Test Tournament"]
[Site "Emanuel Lasker Arena"]
[Date "2024.04.09"]
[Round "1"]
[White "Mrs Florrick"]
[Black "ArrowPlay"]
[Result "0-1"]
[WhiteElo "1780"]
[BlackElo "2027"]
[Annotator "RC"]
[PlyCount "96"]
[EventDate "2024.04.09"]
[EventType "swiss (blitz)"]

1. e4 {[%emt 0:00:01]} e5 {[%emt 0:00:01]} 2. Nf3 {[%emt 0:00:01]} Nc6 {[%emt 0:00:01]} 3. Bb5 {[%emt 0:00:01]} a6 {[%emt 0:00:01]} 4. Ba4 {[%emt 0:00:01]} d6 {[%emt 0:00:01]} 5. O-O {[%emt 0:00:01]} Bd7 {[%emt 0:00:01]} 6. d4 {[%emt 0:00:01]} Nge7 {[%emt 0:00:01]} 7. d5 {[%emt 0:00:02]} Nb8 {[%emt 0:00:01]} 8. c4 {[%emt 0:00:01]} Ng6 {[%emt 0:00:01]} 9. Be3 {[%emt 0:00:04]} Be7 {[%emt 0:00:01]} 10. Bxd7+ {[%emt 0:00:01]} Nxd7 {[%emt 0:00:01]} 11. Nc3 {[%emt 0:00:03]} h6 {[%emt 0:00:02]} 12. Qa4 {[%emt 0:00:03]} O-O {[%emt 0:00:04]} 13. Qc2 {[%emt 0:00:03]} Nf4 {[%emt 0:00:06]} 14. a4 {[%emt 0:00:03]} Qb8 {[%emt 0:00:03]} 15. Rfd1 {[%emt 0:00:03]} Qd8 {[%emt 0:00:03]} 16. Qb3 {[%emt 0:00:03]} Qc8 {[%emt 0:00:03]} 17. h3 {[%emt 0:00:02]} Qb8 {[%emt 0:00:03]} 18. Rd2 {[%emt 0:00:02]} a5 {[%emt 0:00:02]} 19. h4 {[%emt 0:00:02]} f5 {[%emt 0:00:02]} 20. Qb5 {[%emt 0:00:02]} Qe8 {[%emt 0:00:02]} 21. exf5 {[%emt 0:00:02]} Rxf5 {[%emt 0:00:01]} 22. Qxb7 {[%emt 0:00:01]} Rc8 {[%emt 0:00:02]} 23. Nb5 {[%emt 0:00:02]} Nxg2 {[%emt 0:00:02]} 24. Kxg2 {[%emt 0:00:01]} Qg6+ {[%emt 0:00:02]} 25. Kh1 {[%emt 0:00:01]} Rb8 {[%emt 0:00:01]} 26. Qxc7 {[%emt 0:00:01]} Rxf3 {[%emt 0:00:00]} 27. Qxd7 {[%emt 0:00:01]} Qe4 {[%emt 0:00:01]} 28. Kg1 {[%emt 0:00:01]} Rg3+ {[%emt 0:00:01]} 29. fxg3 {[%emt 0:00:01]} Qxe3+ {[%emt 0:00:01]} 30. Rf2 {[%emt 0:00:01]} Rf8 {[%emt 0:00:01]} 31. Raf1 {[%emt 0:00:01]} Qxg3+ {[%emt 0:00:01]} 32. Rg2 {[%emt 0:00:01]} Qe3+ {[%emt 0:00:01]} 33. Rff2 {[%emt 0:00:01]} Qe1+ {[%emt 0:00:01]} 34. Kh2 {[%emt 0:00:01]} Rxf2 {[%emt 0:00:00]} 35. Qxe7 {[%emt 0:00:00]} Rxg2+ {[%emt 0:00:01]} 36. Kxg2 {[%emt 0:00:01]} Qe2+ {[%emt 0:00:01]} 37. Kh3 {[%emt 0:00:01]} Qd3+ {[%emt 0:00:01]} 38. Kg4 {[%emt 0:00:01]} Qxc4+ {[%emt 0:00:00]} 39. Kf5 {[%emt 0:00:01]} Qf1+ {[%emt 0:00:01]} 40. Ke6 {[%emt 0:00:01]} e4 {[%emt 0:00:01]} 41. Kxd6 {[%emt 0:00:00]} Qf3 {[%emt 0:00:00]} 42. Nd4 {[%emt 0:00:01]} Qg3+ {[%emt 0:00:00]} 43. Kc5 {[%emt 0:00:01]} Qc7+ {[%emt 0:00:01]} 44. Qxc7 {[%emt 0:00:00]} e3 {[%emt 0:00:01]} 45. Qxa5 {[%emt 0:00:00]} Kf7 {[%emt 0:00:00]} 46. d6 {[%emt 0:00:01]} g5 {[%emt 0:00:00]} 47. Kc4 {[%emt 0:00:01]} gxh4 {[%emt 0:00:00]} 48. Qc7+ {[%emt 0:00:01] .} Kf6 {[%emt 0:00:01]} 0-1